Manual de obligaciones : (Registro nro. 20218)

Detalles MARC
000 -LEADER
fixed length control field 01335nam a2200313 4500
001 - CONTROL NUMBER
control field 0000016903
003 - CONTROL NUMBER IDENTIFIER
control field CO-CtgCURN
005 - DATE AND TIME OF LATEST TRANSACTION
control field 20250515200930.0
007 - PHYSICAL DESCRIPTION FIXED FIELD--GENERAL INFORMATION
fixed length control field ta
008 - FIXED-LENGTH DATA ELEMENTS--GENERAL INFORMATION
fixed length control field 160627s1997 000 0 eng d
020 ## - INTERNATIONAL STANDARD BOOK NUMBER
International Standard Book Number 9583501484
040 ## - CATALOGING SOURCE
Original cataloging agency CO-CtgCURN
Language of cataloging spa
Transcribing agency coctgcurn
082 0# - DEWEY DECIMAL CLASSIFICATION NUMBER
Classification number 346.5
Item number T151m
100 1# - MAIN ENTRY--PERSONAL NAME
Personal name Tamayo Lombana, Alberto.
245 10 - TITLE STATEMENT
Title Manual de obligaciones :
Remainder of title teoria del acto juridico y otras fuentes /
Statement of responsibility, etc. Alberto Tamayo Lombana.
250 ## - EDITION STATEMENT
Edition statement 5a. ed. revisada, ampliada y actualizada.
260 ## - PUBLICATION, DISTRIBUTION, ETC.
Place of publication, distribution, etc. Bogotá :
Name of publisher, distributor, etc. Temis,
Date of publication, distribution, etc. 1997.
300 ## - PHYSICAL DESCRIPTION
Extent 402 p.
336 ## - CONTENT TYPE
Source rdacontent
337 ## - MEDIA TYPE
Source rdamedia
Media type term sin mediacion
Media type code n
338 ## - CARRIER TYPE
Source rdacarrier
Carrier type term volumen
Carrier type code nc
500 ## - GENERAL NOTE
General note Incluye indice \ Falta paginas 125-126.
504 ## - BIBLIOGRAPHY, ETC. NOTE
Bibliography, etc. note Bibliografia (p. 375-380)
505 8# - FORMATTED CONTENTS NOTE
Formatted contents note De las obligaciones. El acto juridico.--Condiciones esenciales para la validez del acto juridico.--La nulidad de los actos jurídicos. Revision o terminacion del contrato por aplicacion de la teoria de la imprevision.--Efectos de los contratos.--Otras fuentes de obligaciones. Los cuasicontratos.--Efectos de las obligaciones y su transmision
650 14 - SUBJECT ADDED ENTRY--TOPICAL TERM
Topical term or geographic name entry element Obligaciones (Derecho)
Geographic subdivision Colombia.
908 ## - PUT COMMAND PARAMETER (RLIN)
Put command parameter 160627
942 ## - ADDED ENTRY ELEMENTS (KOHA)
Koha item type Libros
Classification part 346.5
Item part T151m
Source of classification or shelving scheme Dewey Decimal Classification
Suppress in OPAC No
Existencias
Withdrawn status Lost status Source of classification or shelving scheme Damaged status Not for loan Collection Home library Current library Shelving location Date acquired Inventory number Total checkouts Full call number Barcode Date last seen Copy number Price effective from Koha item type Public note
    Dewey Decimal Classification     General Miguel Henríquez Castañeda Miguel Henríquez Castañeda General 03/31/2025 014896   346.5 T151m 005394 03/31/2025 ej.1 03/31/2025 Libros 340-DEREC